000 00616nam a2200181Ia 4500
008 100920s9999 xx 000 0 und d
082 _b106198
_a891.43 न 09
100 _aमलिक नीरु.
245 _aभारतीय स्त्री रत्न.
260 _bअनुपम प्रकाशन दिल्ली.
_c2009
300 _a144
_bसाधी
365 _b200
520 _aहिंदी.
630 _aभारतीय स्त्री रत्न.
650 _aहिंदी.
730 _aभारतीय स्त्री रत्न.
942 _cBOOK
999 _c746629
_d746626